000 00656nam a22002057a 4500
003 OSt
005 20160107102800.0
008 131024b xxu||||| |||| 00| 0 eng d
020 _a9781906345198
050 _aQA 28.72
_b.H313 2010
100 _aHarris, David
245 _aMathematics- IB prepared :
_bapproach your exam the ib way
_cDavid Harris.
260 _aUnited Kingdom :
_bInternational Baccalaaureate Organization,
_cc2012.
300 _a185 p. :
_bill. col. ;
_c27 cm.
650 _aMAthemtics
_xstudy and guides
650 _aMAthematics
_xHigher level
650 _aMathematics
_xI.B. prepared
942 _2lcc
_cBK
999 _c13310
_d13310